| 000 | 00721nam a22001817a 4500 | ||
|---|---|---|---|
| 005 | 20240312123110.0 | ||
| 010 | _aENG-128696 | ||
| 020 |
_a978-93-534-3659-9 _c525.00 |
||
| 035 | _aEN-112228 | ||
| 037 | _bDBAD/PUB | ||
| 082 | _a000 | ||
| 100 |
_aSinha, Nishit K. _963131 |
||
| 245 |
_aReasoning for Competitive Examinations: Verbal, Non-verbal and Analytical// _cSinha, Nishit K. |
||
| 260 |
_aUttar Pradesh _bPearson India Education Services Pvt. Ltd. _c2019 |
||
| 270 |
_bUttar Pradesh _e201301 _a15th Floor, Tower-B, World Trade Tower, Plot No.- 1, Block-C, Sector-16, Noida _mcompanysecretary.india@pearson.com _k044-66540100 |
||
| 300 |
_avarious pages. _c25cm(pbk) |
||
| 942 |
_2ddc _cEN _h000 _mSIN |
||
| 999 |
_c176394 _d176394 |
||